000
00319nam a2200133Ia 4500
008
240624s9999 xx 000 0 und d
041
_a
eng
082
_a
658.3 DEN
100
_a
DENISI ANGELO S
245
_a
HR
260
_c
2011
_a
New Delhi
_b
Cengage Learning
300
_a
x, : 407 : p. : cm. ; 26
365
_c
RS
_b
31
999
_c
25208
_d
25208